| 000 | 01429nam a2200397 b 4500 | ||
|---|---|---|---|
| 001 | 6253 | ||
| 003 | DO-SdBPM | ||
| 005 | 20251031121425.0 | ||
| 007 | ta | ||
| 008 | 961023s1994 sp | ||| ||spa | ||
| 017 |
_a _b |
||
| 020 | _a0201601273 | ||
| 035 | _a | ||
| 040 |
_aDO-SdBPM _bspa _cBPMSU _e rda |
||
| 041 | 1 |
_aspa _h |
|
| 082 | 4 |
_a658.403 _bB588a 1994 _222 |
|
| 100 | 1 |
_aBierman, Harold _eautor |
|
| 245 | 1 | 0 |
_aAnálisis cuantitativo para la toma de decisiones / _cHarold Bierman, Charles P. Bonini, Warren H. Hausman ; versión en español Ernesto Morales Peake, con la colaboración de Ma. Josefa Peralta Estudillo. _h |
| 250 | _a8ª ed. | ||
| 264 |
_aBuenos Aires : _bAddison-Wesley Iberoamericana, _c1994. |
||
| 300 |
_aXX, 756 páginas ; _c24 cm |
||
| 336 |
_atexto _btxt _2rdacontent |
||
| 337 |
_asin mediación _bn _2rdamedia |
||
| 338 |
_avolumen _bn _2rdacarrier |
||
| 500 | _aIncluye bibliografía e índice. | ||
| 526 | _a | ||
| 534 |
_pTítulo original : _tQuantitative Analysis for Business Decisions. |
||
| 650 | 7 |
_aAdministración de empresas _xToma de decisiones. _2 |
|
| 650 | 7 |
_aAdministración de empresas _xModelos matemáticos. |
|
| 700 | 1 |
_aBonini, Charles P. _d |
|
| 700 | 1 | _aHausman, Warren H. | |
| 700 | 1 |
_aMorales Peake, Ernesto, _etraductor |
|
| 700 | 1 | _aPeralta Estudillo, María Josefa. | |
| 910 | _aVMateo V. Control de calidad. BPMSU | ||
| 942 |
_2ddc _cBK |
||
| 999 |
_c10384 _d10384 |
||